路線名 一覧クイズ 鹿児島県 - Statistics

General Stats
  • This quiz has been taken 149 times
  • The average score is 7 of 8
Answer Stats
事業者名 答え 区間 % Correct
JR九州 鹿児島本線 川内~鹿児島
99%
JR九州 指宿枕崎線 鹿児島中央~枕崎(全線)
96%
JR九州 九州新幹線 出水~鹿児島中央
90%
JR九州 日豊本線 財部~鹿児島
90%
JR九州 肥薩線 吉松~隼人
84%
JR九州 日南線 大隅夏井~志布志
79%
JR九州 吉都線 吉松~鶴丸
76%
三セク 肥薩おれんじ鉄道線(肥薩おれんじ鉄道) 米ノ津~川内
76%
No matching quizzes found
Score Distribution
Percent of People with Each Score
Percentile by Number Answered
Your Score History
You have not taken this quiz